ARRUPE JESUIT UNIVERSITY

CORONAVIRUS -STOP THE SPREAD - CLEAN,DISINFECT,COVER

Partnership in practice in Central Africa. (Record no. 121479)

MARC details
000 -LEADER
fixed length control field 00801cam a22002891 4500
001 - CONTROL NUMBER
control field 793630
003 - CONTROL NUMBER IDENTIFIER
control field ARRUPE
005 - DATE AND TIME OF LATEST TRANSACTION
control field 20141211111139.0
008 - FIXED-LENGTH DATA ELEMENTS--GENERAL INFORMATION
fixed length control field 891106s1954 enkaf 000 0 eng
010 ## - LIBRARY OF CONGRESS CONTROL NUMBER
LC control number 55057964
035 ## - SYSTEM CONTROL NUMBER
System control number (OCoLC)9362692
035 ## - SYSTEM CONTROL NUMBER
System control number (OCoLC)ocm09362692
035 ## - SYSTEM CONTROL NUMBER
System control number (CStRLIN)NYCG89-B79165
035 ## - SYSTEM CONTROL NUMBER
System control number (NNC)793630
040 ## - CATALOGING SOURCE
Transcribing agency CarP
Modifying agency CStRLIN
-- NNC
043 ## - GEOGRAPHIC AREA CODE
Geographic area code f-rh---
050 0# - LIBRARY OF CONGRESS CALL NUMBER
Classification number BV3625.R5
Item number A3
090 ## - LOCALLY ASSIGNED LC-TYPE CALL NUMBER (OCLC); LOCAL CALL NUMBER (OCLC)
Classification number (OCLC) (R) ; Classification number, CALL (RLIN) (NR) BV3625.R5
Local cutter number (OCLC) ; Book number/undivided call number, CALL (RLIN) A3
300 ## - PHYSICAL DESCRIPTION
Other physical details illus.
Dimensions 22 cm.
110 2# - MAIN ENTRY--CORPORATE NAME
Corporate name or jurisdiction name as entry element African Development Trust.
9 (RLIN) 13344
245 10 - TITLE STATEMENT
Title Partnership in practice in Central Africa.
260 ## - PUBLICATION, DISTRIBUTION, ETC. (IMPRINT)
Place of publication, distribution, etc [London,
Date of publication, distribution, etc 1954 or 5]
300 ## - PHYSICAL DESCRIPTION
Extent 16 p., [4] p. of plates
650 #0 - SUBJECT ADDED ENTRY--TOPICAL TERM
Topical term or geographic name as entry element Missions
Geographic subdivision Zimbabwe.
9 (RLIN) 13345
650 #0 - SUBJECT ADDED ENTRY--TOPICAL TERM
Topical term or geographic name as entry element Missions
General subdivision Agricultural work.
9 (RLIN) 13346
942 ## - ADDED ENTRY ELEMENTS (KOHA)
Source of classification or shelving scheme Library of Congress Classification
Koha item type SPC
Holdings
Withdrawn status Lost status Source of classification or shelving scheme Damaged status Not for loan Collection code Home library Current library Shelving location Date acquired Total Checkouts Full call number Barcode Date last seen Price effective from Koha item type
    Library of Congress Classification     SPECIAL Collection ARRUPE LIBRARY ARRUPE LIBRARY Main Collection 11/12/2014   SPC BV3625.R5 A3 46500003474 16/10/2018 11/12/2014 SPC

 

Arrupe Library. PO Box MP320 Mt Pleasant, Harare, Zimbabwe
263 242 745411|librarian@aju.ac.zw